| 000 | 00356nam a22001337a 4500 | ||
|---|---|---|---|
| 082 | _a005.1 | ||
| 100 |
_aImtiaz, Zunash (MSCS-20) _9121571 |
||
| 245 |
_aRobust Saliency Detection Scheme / _cZunsah Imtiaz |
||
| 260 |
_aRawalpindi _bMCS,NUST _c2015 |
||
| 300 | _avii, 54 p | ||
| 650 |
_aPG Thesis _935000 |
||
| 651 |
_aMSCS-20 _9121572 |
||
| 942 |
_2ddc _cTHE |
||
| 999 |
_c608377 _d608377 |
||